000 00566nam a2200181Ia 4500
003 IN-BaIIA
008 211028s9999 xx 000 0 eng d
020 _a0-7112-00-46-7
040 _cIIA Library
080 _a77(035)
_bFRE
100 _aFreeman, Michael
_917892
245 4 _aThe 35mm Handbook
_ba complete course from basic techniques to professional applications
_cFreeman, Michael
260 _aLondon
_c1980
300 _a320p
650 _aNASA Thesaurus
650 _aPhotography-Handbook
_92080
942 _cBK
999 _c10521
_d10521